| Поле | Название | Значение |
| |
Тип записи |
a |
| |
Библиографический уровень |
m |
| 001 |
Контрольный номер |
LIBNET\0001501453 |
| 005 |
Дата корректировки |
20260515170519.6 |
| 010 |
Индекс ISBN |
__ |
| a |
ISBN |
978-5-00129-471-9 |
| d |
Цена |
693 р. |
| 9 |
Тираж |
3000 |
| 100 |
Данные общей обработки |
__ |
| a |
Данные общей обработки |
20251001d2025####u##y0rusy50 ca |
| 101 |
Язык документа |
0_ |
| a |
Язык текста |
rus |
| 102 |
Страна публикации |
__ |
| a |
Страна публикации |
RU |
| 105 |
Кодированные данные (монография) |
__ |
| a |
Кодированные данные (монография) |
ac##z###000zy |
| 181 |
Поле кодированных данных: вид содержания |
_0 |
| a |
Код вида содержания (ISBD) |
i3 |
| b |
Код характеристики содержания (ISBD) |
####e# |
| 182 |
Поле кодированных данных: тип средства |
_0 |
| a |
Код типа средства (ISBD) |
n |
| 200 |
Заглавие и сведения об ответственности |
1_ |
| a |
Заглавие |
Крещение боем. Военные рассказы о судьбах людей |
| f |
Первые сведения об ответственности |
В. И. Литвиненко |
| 203 |
Вид содержания и тип средства |
__ |
| a |
Вид содержания |
Текст |
| b |
Характеристика содержания |
визуальный |
| c |
Тип средства |
непосредственный |
| 210 |
Выходные данные |
__ |
| a |
Место издания |
Москва |
| c |
Издательство |
Советский спорт |
| d |
Дата издания |
2025 |
| 215 |
Физическое описание |
__ |
| a |
Объем |
108, [2] с. |
| c |
Иллюстрации/тип воспроизводства |
ил., портр., карты |
| d |
Формат |
22 |
| 327 |
Примечание о содержании |
__ |
| a |
Примечание о содержании |
Содерж.: Крещение боем; Воспоминания штурмовика; Трудный путь; Батюшки; Плен; Родная Курская земля; Непокорные "шурави"; Необычное письмо; Жаркий сентябрь 1954; Испытания подрывом [и др.] |
| 333 |
Примечание о целевом назначении |
__ |
| a |
Примечание о целевом назначении |
16+ |
| 464 |
Аналитический уровень |
_1 |
| 1 |
|
2001 |
| a |
|
Крещение боем |
| 464 |
Аналитический уровень |
_1 |
| 1 |
|
2001 |
| a |
|
Воспоминания штурмовика |
| 464 |
Аналитический уровень |
_1 |
| 1 |
|
2001 |
| a |
|
Трудный путь |
| 464 |
Аналитический уровень |
_1 |
| 1 |
|
2001 |
| a |
|
Батюшки |
| 464 |
Аналитический уровень |
_1 |
| 1 |
|
2001 |
| a |
|
Плен |
| 464 |
Аналитический уровень |
_1 |
| 1 |
|
2001 |
| a |
|
Родная Курская земля |
| 464 |
Аналитический уровень |
_1 |
| 1 |
|
2001 |
| a |
|
Непокорные "шурави" |
| 464 |
Аналитический уровень |
_1 |
| 1 |
|
2001 |
| a |
|
Необычное письмо |
| 464 |
Аналитический уровень |
_1 |
| 1 |
|
2001 |
| a |
|
Жаркий сентябрь 1954 |
| 464 |
Аналитический уровень |
_1 |
| 1 |
|
2001 |
| a |
|
Испытания подрывом |
| 517 |
Другие варианты заглавия |
1_ |
| a |
Другие варианты заглавия |
Военные рассказы о судьбах людей |
| 606 |
Тематические рубрики |
1_ |
| 2 |
Код системы |
nlr_sh |
| 3 |
Контрольный № нормативной записи |
RU\NLR\AUTH\6601583324 |
| a |
Основная рубрика |
Вооруженные конфликты |
| z |
Хронологическая подрубрика |
2-я пол. 20 в. - нач. 21 в. |
| x |
Основная подрубрика |
Герои и героизм |
| y |
Географическая подрубрика |
Российская Федерация |
| 686 |
Индексы других классификаций |
__ |
| a |
Классификационный индекс |
63.3(2)633-68 |
| v |
Номер издания |
LBC/M |
| 2 |
Код системы |
rubbk |
| 686 |
Индексы других классификаций |
__ |
| a |
Классификационный индекс |
63.3(2)64-68 |
| v |
Номер издания |
LBC/M |
| 2 |
Код системы |
rubbk |
| 700 |
Автор |
_1 |
| 3 |
Контрольный № нормативной записи |
RU\NLR\AUTH\7730891 |
| a |
Фамилия |
Литвиненко |
| b |
Имя (инициалы) |
В. И. |
| c |
Титул (звания) |
канд. юрид. наук |
| g |
Полное личное имя |
Виктор Иванович |
| 4 |
Код отношения |
070 |
| 801 |
Источник записи |
_0 |
| a |
Страна |
RU |
| b |
Организация |
Тамбовская ОУНБ |
| c |
Дата составления |
20251001 |
| g |
Правила каталогизации |
bzbo |
| 801 |
Источник записи |
_1 |
| a |
Страна |
RU |
| b |
Организация |
Тамбовская ОУНБ |
| c |
Дата составления |
20251001 |
| g |
Правила каталогизации |
rcr |
| 2 |
Код формата |
rusmarc |
| 830 |
Общее примечание каталогизатора |
__ |
| a |
Текст примечания |
304 |